Rainbow six siege map quiz - Statistics

General Stats
  • This quiz has been taken 1,242 times
  • The average score is 14 of 16
Answer Stats
Picture Answer % Correct
Bank
97%
Oregon
97%
Club house
96%
Border
93%
Kafe Dostoyevsky
92%
Skyscraper
92%
Coastline
89%
Nighthaven labs
89%
Villa
87%
Theme Park
86%
Emerald plains
85%
Kanal
85%
Chalet
84%
Consulate
83%
Outback
77%
Lair
64%
No matching quizzes found
Score Distribution
Percent of People with Each Score
Percentile by Number Answered
Your Score History
You have not taken this quiz